The chemistry and biology of viruses

Salvato in:
Dettagli Bibliografici
Autore principale: Fraenkel-Conrat, Heinz
Natura: Libro
Lingua:inglese
Pubblicazione: New York, USA Academic Press 1969
Soggetti:
Tags: Aggiungi Tag
Nessun Tag, puoi essere il primo ad aggiungerne!!

MARC

LEADER 00000nam a2200000 a 4500
001 UCT5174
003 CL-VaPUC
005 20250228100417.0
008 961205e19690000US |||||||||||||||||eng|d
999 |c 254174  |d 254172 
040 |c Pontificia Universidad Católica de Valparaíso 
082 0 4 |a 576.64 FRA 1969  |2 21 
100 0 |a Fraenkel-Conrat, Heinz  |9 374484 
245 1 4 |a The chemistry and biology of viruses 
260 0 3 |a New York, USA  |b Academic Press  |c 1969 
300 |a 294 páginas 
583 |a last modification  |c 19961205 00:00:00  |k Rodrigo Vera 
650 0 |a Microbiología   |9 259706 
650 0 |a Química orgánica   |9 259426 
650 0 |a Anatomía  |9 261202 
650 0 |a Bacteriología  |9 259330 
650 0 |a Enfermedades infecciosas  |9 337719 
650 0 |a Virus  |9 316452 
650 7 |a PRODUCTOS FARMACEUTICOS  |2 CL-VaPUC  |9 334377 
942 |c BK  |2 ddc 
945 |d 19961205 00:00:00  |a cmena 
952 |0 0  |1 0  |2 ddc  |4 0  |6 576_640000000000000_FRA_1969  |7 0  |8 A  |9 275639  |a BIBCUR  |b BIBCUR  |d 2019-11-19  |i 1793284  |o 576.64 FRA 1969  |p 1793284  |r 2025-04-22  |t 1  |w 2019-11-19  |y BK  |k BIO